Top 50 ppg 2021-2022 NBA season - Statistics

General Stats
  • This quiz has been taken 259 times
  • The average score is 31 of 50
Answer Stats
Hint Ppg Answer % Correct
BRK 29.4 Kevin Durant
100%
MIL 27.0 Giannis Antetokounmpo
99%
GSW 27.0 Stephen Curry
99%
BOS 26.2 Jayson Tatum
98%
DEN 26.5 Nikola Jokić
98%
ATL 27.0 Trae Young
98%
DAL 25.6 Luka Doncic
96%
CHI 26.4 Zach Lavine
96%
LAC 25.0 Paul George
95%
CHI 26.0 DeMar DeRozan
94%
MIN 24.0 Karl-Anthony Towns
87%
POR 22.4 Damian Lillard
84%
PHO 24.0 Devin Booker
84%
MIN 21.5 Anthony Edwards
81%
WAS 22.9 Bradley Beal
81%
OKC 21.4 Shai Gilgeous-Alexander
81%
NOP 23.2 Brandon Ingram
79%
SAC 21.2 De'Aaron Fox
78%
BRK 20.8 James Harden
78%
POR 20.6 Cj McCollum
77%
IND 18.7 Domantas Sabonis
67%
GSW 18.6 Andrew Wiggins
64%
MIN 19.0 D'Angelo Russell
64%
NYK 19.5 Julius Randle
62%
TOR 19.8 Fred VanVleet
60%
MIL 17.6 Khris Middleton
60%
LAL 19.5 Russell Westbrook
60%
ORL 20.5 Cole Anthony
59%
CLE 19.0 Darius Garland
58%
CHO 19.8 Miles Bridges
58%
DET 20.1 Jerami Grant
57%
DAL 19.5 Kristaps Porziņģis
57%
CHO 17.5 Gordon Hayward
56%
GSW 18.0 Jordan Poole
56%
SAS 18.4 Dejounte Murray
55%
UTA 16.8 Bojan Bogdanović
49%
ATL 17.0 John Collins
49%
CLE 17.0 Jarrett Allen
46%
IND 20.0 Malcolm Brogdon
46%
LAC 17.4 Reggie Jackson
43%
SAC 17.1 Harrison Barnes
40%
NOP 18.9 Jonas Valančiūnas
37%
POR 17.3 Norman Powell
33%
OKC 17.0 Luguentz Dort
31%
BOS 17.0 Dennis Schröder
21%
CHO 17.0 Kelly Oubre Jr.
17%
CHO 20.0 LaMello Ball
12%
UTH 24.8 Donavan Mitchell
9%
TOR 17.0 Gary Trent Jr.
5%
MIA 20.3 Tyler Hero
5%
No matching quizzes found
Score Distribution
Percent of People with Each Score
Percentile by Number Answered
Your Score History
You have not taken this quiz